| 000 | 00380cam a2200133ua 4500 | ||
|---|---|---|---|
| 082 |
_a581.60954 _bUMR/DI |
||
| 100 |
_aUmrao, Singh . _91522 |
||
| 100 |
_aWadhwani, A M _91523 |
||
| 100 |
_aJohri, B M _91524 |
||
| 245 | _aDictionary of Economic Plants in India / | ||
| 260 |
_aNew Delhi : _bIndian Council for Agricultural Research , _c1996. |
||
| 300 | _a288 ; . | ||
| 942 | _cREF | ||
| 999 |
_c11984 _d11984 |
||